Province italiane da codice ISO (targhe) - Statistics

Statistiche generali
  • Questo quiz è stato fatto 1.363 volte
  • Il punteggio medio è 89 su 110
Statistiche sulle risposte
Hint Risposta % Corretto
Sardegna Cagliari
94%
Lombardia Milano
94%
Emilia-Romagna Bologna
93%
Sicilia Palermo
93%
Liguria Genova
92%
Campania Napoli
92%
Abruzzo Pescara
92%
Campania Salerno
92%
Piemonte Torino
92%
Puglia Bari
91%
Toscana Firenze
91%
Lazio Roma
91%
Umbria Terni
91%
Veneto Venezia
91%
Valle d'Aosta Aosta
90%
Sicilia Catania
90%
Lombardia Como
90%
Emilia-Romagna Parma
89%
Toscana Prato
89%
Calabria Reggio Calabria
89%
Veneto Rovigo
89%
Puglia Lecce
88%
Toscana Pisa
88%
Emilia-Romagna Reggio Emilia
88%
Lazio Rieti
88%
Abruzzo Teramo
88%
Lazio Frosinone
87%
Emilia-Romagna Modena
87%
Marche Ancona
86%
Lombardia Cremona
86%
Liguria La Spezia
86%
Trentino-Alto Adige Trento
86%
Veneto Vicenza
86%
Trentino-Alto Adige Bolzano - Alto Adige
85%
Puglia Brindisi
85%
Molise Campobasso
85%
Campania Caserta
85%
Calabria Cosenza
85%
Piemonte Cuneo
85%
Liguria Imperia
85%
Abruzzo L'Aquila
85%
Basilicata Matera
85%
Sicilia Messina
85%
Emilia-Romagna Ravenna
85%
Sardegna Sassari
85%
Puglia Taranto
85%
Piemonte Alessandria
84%
Campania Avellino
84%
Friuli-Venezia Giulia Gorizia
84%
Veneto Padova
84%
Toscana Pistoia
84%
Liguria Savona
84%
Friuli-Venezia Giulia Trieste
84%
Friuli-Venezia Giulia Udine
84%
Veneto Verona
84%
Campania Benevento
83%
Emilia-Romagna Ferrara
83%
Toscana Livorno
83%
Lombardia Mantova
83%
Basilicata Potenza
83%
Toscana Siena
83%
Piemonte Asti
82%
Veneto Belluno
82%
Lazio Latina
82%
Calabria Catanzaro
81%
Umbria Perugia
81%
Lombardia Bergamo
80%
Lombardia Brescia
80%
Molise Isernia
80%
Friuli-Venezia Giulia Pordenone
80%
Sicilia Agrigento
79%
Sicilia Enna
79%
Puglia Foggia
79%
Marche Macerata
79%
Sicilia Ragusa
79%
Sicilia Siracusa
79%
Toscana Arezzo
78%
Piemonte Biella
78%
Lombardia Lodi
78%
Piemonte Novara
78%
Emilia-Romagna Piacenza
78%
Emilia-Romagna Rimini
78%
Lombardia Sondrio
78%
Lombardia Varese
78%
Abruzzo Chieti
77%
Toscana Grosseto
77%
Marche Pesaro e Urbino
77%
Sicilia Trapani
77%
Sicilia Caltanissetta
76%
Lombardia Lecco
76%
Calabria Vibo Valentia
76%
Lazio Viterbo
76%
Toscana Lucca
75%
Toscana Massa e Carrara
75%
Sardegna Nuoro
75%
Piemonte Verbano-Cusio-Ossola
74%
Piemonte Vercelli
74%
Lombardia Pavia
73%
Puglia Barletta-Andria-Trani
72%
Veneto Treviso
72%
Marche Ascoli Piceno
71%
Emilia-Romagna Forlì-Cesena
71%
Lombardia Monza e Brianza
71%
Calabria Crotone
67%
Sardegna Oristano
67%
Marche Fermo
65%
Sardegna Carbonia-Iglesias
55%
Sardegna Olbia-Tempio
43%
Sardegna Ogliastra
35%
Sardegna Medio Campidano
22%
Nessun quiz corrispondente trovato
Distribuzione punteggi
Percentuale di utenti per punteggio
Percentile per numero di risposta
I tuoi punteggi nel tempo
Non hai fatto questo quiz